| 000 | 00718cam a2200253Ia 4500 | ||
|---|---|---|---|
| 020 | _a0393025152 : | ||
| 020 | _a9780393025156 | ||
| 020 | _a039330440X (pbk) : | ||
| 020 | _a9780393304404 (pbk) | ||
| 040 | _cYOM | ||
| 082 | 0 | 4 | _a338 NOR 1988 A014 Or. |
| 245 | 0 | 0 |
_aState of the world, 1988 : _ba Worldwatch Institute report on progress toward a sustainable society / |
| 250 | _a1st ed | ||
| 260 |
_aNew York : _bNorton, _cc1988 |
||
| 300 |
_axvii, 237 p. : _bill. ; _c24 cm |
||
| 500 | _aIncludes index | ||
| 650 | 0 | _aEconomic history | |
| 650 | 0 | _aEconomic policy | |
| 700 | 1 | _aBrown, Lester R. | |
| 700 | 1 | _aWolf, Edward C | |
| 700 | 1 | _aStarke, Linda | |
| 710 | 2 | _aWorldwatch Institute | |
| 942 | _cEK | ||
| 999 |
_c12849 _d12849 |
||